[Event "FRA Team Ch"]
[Site "REIMS"]
[Date "2002.??.??"]
[Round "8.9"]
[White "Bonnafous, Nathalie"]
[Black "Muller, Anne"]
[Result "1-0"]
[WhiteElo "2031"]
[BlackElo "2167"]
[PlyCount "129"]
[EventDate "2005.05.??"]

1. Nf3 Nf6 2. g3 d5 3. Bg2 c6 4. O-O Bf5 5. d3 e6 6. Nbd2 h6 7. c4 Be7 8. b3
O-O 9. Bb2 a5 10. a3 Nbd7 11. Re1 Bh7 12. Rc1 Re8 13. Qc2 Bf8 14. e4 Nc5 15.
Ne5 Nfd7 16. Nxd7 Qxd7 17. d4 Na6 18. Qc3 Nc7 19. Nf1 a4 20. b4 dxc4 21. Qxc4
Nb5 22. Rcd1 Nd6 23. Qa2 Rac8 24. Nd2 Qc7 25. Rc1 Rcd8 26. Nc4 Nb5 27. Red1 Nd6
28. Nxd6 Qxd6 29. Qc4 Qe7 30. Qe2 Ra8 31. Qc4 Red8 32. d5 cxd5 33. exd5 exd5
34. Bxd5 Rac8 35. Qb5 Rxc1 36. Bxc1 Bg6 37. Be3 Kh7 38. Bc5 Qe5 39. Bxf8 Rxf8
40. Qxa4 Qe2 41. Rc1 b5 42. Qb3 Rd8 43. Bf3 Qe7 44. Kg2 Rd3 45. Rc3 Rd2 46. Re3
Qa7 47. Qc3 Rc2 48. Qe5 Qd7 49. Be4 Ra2 50. Bxg6+ fxg6 51. Qc3 Qd5+ 52. Rf3 Rd2
53. Qb3 Qc6 54. Qc3 Qd5 55. Qe3 Rc2 56. h3 Rd2 57. g4 Rd1 58. Qb3 Qd7 59. Rf8
Qc6+ 60. Qf3 Qc1 61. Qa8 Rg1+ 62. Kh2 Rh1+ 63. Qxh1 Qc7+ 64. Kg2 Qc6+ 65. Rf3
1-0

[Event "FRA Team Ch"]
[Site "REIMS"]
[Date "2002.??.??"]
[Round "8.1"]
[White "Lutz, Christopher"]
[Black "Mellado Trivino, Juan"]
[Result "1-0"]
[WhiteElo "2644"]
[BlackElo "2444"]
[PlyCount "57"]
[EventDate "2005.05.??"]

1. e4 d5 2. exd5 Qxd5 3. Nc3 Qd6 4. d4 Nf6 5. Nf3 a6 6. Bg5 Nbd7 7. Bd3 c5 8.
d5 b5 9. O-O Bb7 10. Re1 b4 11. Ne4 Qxd5 12. c4 Qc6 13. a3 e6 14. axb4 cxb4 15.
Bc2 O-O-O 16. Qc1 Nc5 17. Ne5 Qc7 18. Nxf6 gxf6 19. Bxf6 Rg8 20. g3 Be7 21.
Bxe7 Qxe7 22. Qe3 Qc7 23. Nxf7 Rdf8 24. Ne5 h5 25. h4 Rf6 26. Rad1 Rgf8 27. Rd2
a5 28. Red1 Rg8 29. Rd7 1-0

[Event "FRA Team Ch"]
[Site "REIMS"]
[Date "2002.??.??"]
[Round "8.2"]
[White "Magem Badals, Jordi"]
[Black "Glek, Igor V"]
[Result "1-0"]
[WhiteElo "2502"]
[BlackElo "2605"]
[PlyCount "59"]
[EventDate "2005.05.??"]

1. e4 e6 2. d4 d5 3. Nc3 Nf6 4. Bg5 Bb4 5. e5 h6 6. Be3 Ne4 7. Qg4 Kf8 8. a3
Bxc3+ 9. bxc3 Nxc3 10. Bd3 c5 11. dxc5 Nc6 12. Nf3 f5 13. exf6 Qxf6 14. Qh5 e5
15. Bg6 Be6 16. O-O Ke7 17. Rae1 Kd7 18. Bd2 e4 19. Nh4 Rhf8 20. Re3 Na4 21. c4
Ne5 22. Qd1 Nxc5 23. Bc3 Qxh4 24. Bxe5 Rac8 25. cxd5 Bf5 26. Rg3 Bxg6 27. Rxg6
Rf7 28. Bg3 Qe7 29. Qg4+ Kd8 30. Bh4 1-0

[Event "FRA Team Ch"]
[Site "REIMS"]
[Date "2002.??.??"]
[Round "8.3"]
[White "Renet, Olivier"]
[Black "De La Riva Aguado, Oscar"]
[Result "1/2-1/2"]
[WhiteElo "2494"]
[BlackElo "2496"]
[PlyCount "80"]
[EventDate "2005.05.??"]

1. c4 f5 2. Nf3 Nf6 3. g3 d6 4. d4 g6 5. b4 Bg7 6. Bb2 O-O 7. Bg2 c6 8. O-O Kh8
9. Nbd2 Be6 10. Ne1 Nbd7 11. Nd3 Bg8 12. Qc2 Rc8 13. a4 Qe8 14. Rae1 Qf7 15. a5
Rfe8 16. f3 e5 17. e4 fxe4 18. fxe4 Qe6 19. c5 exd4 20. Bxd4 Ne5 21. cxd6 Nfd7
22. Nxe5 Nxe5 23. Bxa7 Qxd6 24. Rb1 Nd3 25. Nf3 Nxb4 26. Qd1 Qe7 27. Qd2 c5 28.
Bb6 Bc4 29. Rfc1 Ba6 30. Bh3 Qxe4 31. Rxb4 Qxf3 32. Rf4 Qa3 33. Bxc8 Rxc8 34.
Re1 Bb5 35. Rf7 Bd4+ 36. Kg2 Qb3 37. Ree7 Qd5+ 38. Kh3 Qh5+ 39. Kg2 Qd5+ 40.
Kh3 Qh5+ 1/2-1/2

[Event "FRA Team Ch"]
[Site "REIMS"]
[Date "2002.??.??"]
[Round "8.5"]
[White "Berend, Fred"]
[Black "Simonet, Marc"]
[Result "0-1"]
[WhiteElo "2354"]
[BlackElo "2283"]
[PlyCount "66"]
[EventDate "2005.05.??"]

1. d4 d5 2. Nf3 Nf6 3. c3 c6 4. Bg5 Ne4 5. Bh4 Qb6 6. Qb3 Bf5 7. Nbd2 Nd7 8.
Nxe4 Bxe4 9. Nd2 Bg6 10. e3 e5 11. Be2 Bd6 12. O-O O-O 13. Qxb6 axb6 14. dxe5
Bxe5 15. f4 Bf6 16. Bxf6 Nxf6 17. c4 Rfe8 18. Kf2 Rad8 19. Nb3 dxc4 20. Nd4 c5
21. Nb5 Rd2 22. Rad1 Rxb2 23. Nd6 Bd3 24. Rfe1 Re6 25. Nxb7 Ng4+ 26. Kg3 Rxe3+
27. Bf3 Rxe1 28. Rxe1 Nf6 29. Nd6 c3 30. Bd5 c2 31. Bxf7+ Kf8 32. Bb3 Rb1 33.
Bxc2 Rxe1 0-1

[Event "FRA Team Ch"]
[Site "REIMS"]
[Date "2002.??.??"]
[Round "8.6"]
[White "Guidarelli, Laurent"]
[Black "Wirig, Anthony"]
[Result "1-0"]
[WhiteElo "2366"]
[BlackElo "2333"]
[PlyCount "115"]
[EventDate "2005.05.??"]

1. e4 c5 2. Nc3 Nc6 3. Bb5 g6 4. Bxc6 dxc6 5. d3 Bg7 6. f4 Nf6 7. Nf3 Bg4 8.
O-O Nd7 9. Qe1 Bxf3 10. Rxf3 Qa5 11. e5 c4 12. dxc4 Qc5+ 13. Qf2 Qxc4 14. b3
Qe6 15. Ba3 O-O 16. Ne4 Rfe8 17. Rd1 Nf8 18. Nc5 Qc8 19. Rfd3 b6 20. Nd7 Qa6
21. Bb2 Nxd7 22. Rxd7 e6 23. a4 Bf8 24. R1d3 Re7 25. Qd2 Rxd7 26. Rxd7 Qc8 27.
g4 Qe8 28. f5 Bc5+ 29. Kg2 gxf5 30. gxf5 Kh8 31. Rd3 Qf8 32. f6 a5 33. Rg3 Rd8
34. Qf4 Rd1 35. Kh3 Rg1 36. Rxg1 Bxg1 37. Bc1 Qg8 38. Qe4 Bf2 39. Bh6 Qg6 40.
Bg7+ Kg8 41. Qxc6 Qh5+ 42. Kg2 Qg4+ 43. Kxf2 Qf4+ 44. Ke2 Qxe5+ 45. Kd3 Qf5+
46. Kc3 Qe5+ 47. Kd3 Qf5+ 48. Qe4 Qh3+ 49. Kc4 h5 50. Qf4 Qg2 51. Qb8+ Kh7 52.
Qh8+ Kg6 53. Qh6+ Kf5 54. Qxh5+ Ke4 55. Kc3 e5 56. Qxf7 Qg1 57. Qc4+ Kf5 58. f7
1-0

[Event "FRA Team Ch"]
[Site "REIMS"]
[Date "2002.??.??"]
[Round "8.7"]
[White "Moret, Vincent"]
[Black "Guadalpi, David"]
[Result "1/2-1/2"]
[WhiteElo "2184"]
[BlackElo "2314"]
[PlyCount "50"]
[EventDate "2005.05.??"]

1. Nf3 Nf6 2. c4 e6 3. g3 d5 4. b3 Be7 5. Bg2 Nbd7 6. Bb2 c6 7. O-O O-O 8. d3
a5 9. a3 b5 10. Nbd2 Qb6 11. Qc2 Ba6 12. Bc3 Rfd8 13. cxd5 cxd5 14. b4 Rdc8 15.
Qb2 axb4 16. axb4 Bb7 17. Nb3 Rxa1 18. Rxa1 Qc7 19. Rc1 Qb8 20. h4 h6 21. Bh3
Nb6 22. Be5 Rxc1+ 23. Qxc1 Qc8 24. Qxc8+ Bxc8 25. Bc3 Na4 1/2-1/2

[Event "FRA Team Ch"]
[Site "REIMS"]
[Date "2002.??.??"]
[Round "8.8"]
[White "Rouchouse, Stevens"]
[Black "Brunner, Nicolas"]
[Result "1-0"]
[WhiteElo "2185"]
[BlackElo "2240"]
[PlyCount "67"]
[EventDate "2005.05.??"]

1. e4 c5 2. Nf3 Nc6 3. d4 cxd4 4. Nxd4 Nf6 5. Nc3 e5 6. Ndb5 d6 7. Bg5 a6 8.
Na3 b5 9. Nd5 Qa5+ 10. Bd2 Qd8 11. Bg5 Be7 12. Bxf6 Bxf6 13. c3 O-O 14. Nc2 Bg5
15. a4 Rb8 16. axb5 axb5 17. Bd3 Be6 18. Ncb4 Qd7 19. O-O g6 20. Qe2 Nxb4 21.
Nxb4 Rb6 22. Ra5 Rfb8 23. Rfa1 f5 24. f3 R8b7 25. Ra8+ Kg7 26. R1a5 Qc7 27. Kh1
Qc5 28. R8a7 Rxa7 29. Rxa7+ Kh8 30. exf5 gxf5 31. f4 Bf6 32. Qh5 Bg7 33. Bxf5
Bg8 34. Ra8 1-0

[Event "FRA Team Ch"]
[Site "REIMS"]
[Date "2002.??.??"]
[Round "8.9"]
[White "Klipper, Rebecca"]
[Black "Dacalor, Aurelie"]
[Result "1/2-1/2"]
[WhiteElo "2072"]
[BlackElo "2137"]
[PlyCount "50"]
[EventDate "2005.05.??"]

1. d4 Nf6 2. Nf3 d6 3. c4 Bf5 4. Nc3 Nbd7 5. g3 e5 6. Bg2 c6 7. O-O Be7 8. Nh4
Bg6 9. f4 O-O 10. fxe5 dxe5 11. Nxg6 hxg6 12. d5 cxd5 13. Nxd5 Nxd5 14. Qxd5
Rc8 15. Be3 Nf6 16. Qxd8 Rfxd8 17. b3 b6 18. Bg5 Bc5+ 19. Kh1 Rd6 20. Bxf6 gxf6
21. Bd5 f5 22. e4 Rf6 23. Rf3 f4 24. gxf4 Rxf4 25. Raf1 Bd6 1/2-1/2

[Event "FRA Team Ch"]
[Site "REIMS"]
[Date "2002.??.??"]
[Round "8.4"]
[White "Van Elst, Andreas"]
[Black "Legky, Nikolay A"]
[Result "0-1"]
[WhiteElo "2294"]
[BlackElo "2483"]
[PlyCount "94"]
[EventDate "2005.05.??"]

1. e4 e6 2. d4 d5 3. Nc3 a6 4. Nf3 Nf6 5. Bd3 c5 6. O-O cxd4 7. Nxd4 Nc6 8. Be3
Be7 9. exd5 exd5 10. h3 O-O 11. Qd2 Ne5 12. Rad1 Nc4 13. Bxc4 dxc4 14. Qe2 Qc7
15. Bg5 Ng4 16. hxg4 Bxg5 17. Nd5 Qd6 18. Nf5 Bxf5 19. gxf5 b5 20. Rfe1 Rad8
21. Qg4 Qh6 22. f4 Qc6 23. Qf3 Qc5+ 24. Qf2 Rxd5 25. Rxd5 Qxd5 26. fxg5 g6 27.
Rf1 Qxf5 28. Qxf5 gxf5 29. Rxf5 Rd8 30. Rf6 Rd1+ 31. Kh2 Rd2 32. c3 a5 33. a4
Rxb2 34. axb5 Rxb5 35. Rc6 a4 36. Rxc4 Ra5 37. Rb4 a3 38. Rb1 a2 39. Ra1 Kf8
40. Kg1 Ke7 41. Kf2 Kd6 42. Ke3 Kd5 43. Kd3 Ra6 44. Kc2 Kc4 45. Kb2 Ra5 46. g4
Ra6 47. Kc2 Re6 0-1

[Event "FRA Team Ch"]
[Site "REIMS"]
[Date "2002.??.??"]
[Round "8.5"]
[White "Moracchini, Fabrice"]
[Black "Renault, Mael"]
[Result "1-0"]
[WhiteElo "2311"]
[BlackElo "2102"]
[PlyCount "103"]
[EventDate "2005.05.??"]

1. d4 Nf6 2. c4 g6 3. Nc3 Bg7 4. e4 d6 5. Bd3 O-O 6. Nge2 e5 7. O-O Nc6 8. d5
Ne7 9. f3 Nd7 10. g4 Nc5 11. Bc2 a5 12. Ng3 Bd7 13. Qe2 Kh8 14. Bg5 f6 15. Be3
Qe8 16. h4 Na6 17. h5 f5 18. exf5 gxf5 19. Bg5 Bf6 20. Bxf6+ Rxf6 21. g5 Rf8
22. f4 e4 23. Qe3 Qf7 24. Rae1 Nc5 25. Rf2 h6 26. b3 Qg7 27. Nce2 Rg8 28. g6
Rgf8 29. Nd4 Qf6 30. Qc3 Kg8 31. Rg2 Kg7 32. a3 a4 33. b4 Nb3 34. Nge2 Nxd4 35.
Nxd4 Kg8 36. Bb1 Qh4 37. Ne2 Rac8 38. Ba2 Qf6 39. Nd4 Qh4 40. Qe3 Kg7 41. c5
Rcd8 42. Rh2 Qf6 43. Rd1 c6 44. dxc6 Nxc6 45. cxd6 Bc8 46. Nb5 Be6 47. Bxe6
Qxe6 48. Nc7 Qf6 49. Rhd2 Rd7 50. b5 Na5 51. Nd5 Qxd6 52. Qc3+ 1-0

[Event "FRA Team Ch"]
[Site "REIMS"]
[Date "2002.??.??"]
[Round "8.6"]
[White "Kramo, Sosthene"]
[Black "Giffard, Nicolas"]
[Result "1/2-1/2"]
[WhiteElo "1950"]
[BlackElo "2307"]
[PlyCount "55"]
[EventDate "2005.05.??"]

1. e4 c6 2. d4 d5 3. exd5 cxd5 4. c4 Nf6 5. Nc3 e6 6. Nf3 Be7 7. cxd5 exd5 8.
Bb5+ Nc6 9. Ne5 Bd7 10. Qa4 a6 11. Bxc6 bxc6 12. O-O Qc8 13. Bg5 Ra7 14. Rac1
O-O 15. Rfe1 h6 16. Bh4 Be8 17. Qc2 Qb7 18. Na4 Qb4 19. Red1 Rc7 20. a3 Qb5 21.
Nc3 Qa5 22. b4 Qxa3 23. Bxf6 Bxf6 24. Nxd5 cxd5 25. Qxc7 Qxb4 26. Rb1 Qa4 27.
Ra1 Qb5 28. Qa7 1/2-1/2

[Event "FRA Team Ch"]
[Site "REIMS"]
[Date "2002.??.??"]
[Round "8.8"]
[White "Mourgues, Joelle"]
[Black "Doornbos, Yann"]
[Result "0-1"]
[WhiteElo "1770"]
[BlackElo "2334"]
[PlyCount "58"]
[EventDate "2005.05.??"]

1. Nf3 d5 2. g3 Bg4 3. Bg2 Nd7 4. d3 e6 5. O-O Bd6 6. Nbd2 Ne7 7. c3 O-O 8. Qa4
Bh5 9. e4 c6 10. Qc2 b5 11. d4 c5 12. dxc5 Nxc5 13. a3 Rc8 14. Nd4 Qb6 15. N2b3
Nxe4 16. Bxe4 dxe4 17. Qxe4 Nd5 18. Qd3 a6 19. h3 Rfe8 20. Nd2 Bg6 21. Qe2 e5
22. N4f3 e4 23. Nd4 e3 24. N2f3 Qc7 25. Kg2 Re7 26. Kh2 Rce8 27. Nh4 exf2 28.
Qxf2 Bd3 29. Bg5 Re2 0-1

[Event "FRA Team Ch"]
[Site "REIMS"]
[Date "2002.??.??"]
[Round "8.9"]
[White "Barakoff, Annie"]
[Black "Lassabe, Nicolas"]
[Result "1-0"]
[WhiteElo "1810"]
[BlackElo "1620"]
[PlyCount "53"]
[EventDate "2005.05.??"]

1. c4 e5 2. Nc3 Nf6 3. Nf3 Nc6 4. g3 d6 5. Bg2 Be7 6. O-O Be6 7. d3 Qd7 8. a3
Bh3 9. b4 h5 10. Be3 h4 11. Bxh3 Qxh3 12. Ng5 Qf5 13. h3 Qg6 14. g4 Nxg4 15.
hxg4 Bxg5 16. Bxg5 Qxg5 17. f3 f5 18. Kh1 fxg4 19. fxg4 Qxg4 20. Rf2 Nd4 21.
Rg2 Qh3+ 22. Rh2 Qd7 23. Qg1 Nf5 24. Ne4 c6 25. Rf1 Qe6 26. Rxf5 d5 27. Qg5 1-0

[Event "FRA Team Ch"]
[Site "REIMS"]
[Date "2002.??.??"]
[Round "8.1"]
[White "Landa, Konstantin"]
[Black "Bunzmann, Dimitrij"]
[Result "1-0"]
[WhiteElo "2623"]
[BlackElo "2483"]
[PlyCount "67"]
[EventDate "2005.05.??"]

1. e4 e6 2. d4 d5 3. Nc3 Bb4 4. e5 c5 5. a3 Bxc3+ 6. bxc3 Ne7 7. Qg4 Qc7 8.
Qxg7 Rg8 9. Qxh7 cxd4 10. Ne2 Nbc6 11. f4 Bd7 12. Qd3 dxc3 13. Nxc3 a6 14. Rb1
Rc8 15. h4 Nf5 16. Rh3 Nce7 17. h5 Nh6 18. Bd2 Nef5 19. Nd1 Ba4 20. Ne3 Nxe3
21. Qxe3 Bxc2 22. Rc1 Qd7 23. Rg3 Rh8 24. Qa7 d4 25. Bd3 Nf5 26. Bxf5 exf5 27.
h6 Qd5 28. Kf2 Kd7 29. Qb6 d3 30. e6+ fxe6 31. Rg7+ Ke8 32. Bb4 Rc6 33. Re7+
Kf8 34. Rd7+ 1-0

[Event "FRA Team Ch"]
[Site "REIMS"]
[Date "2002.??.??"]
[Round "8.3"]
[White "Gormally, Dan"]
[Black "Belkhodja, Slim"]
[Result "1/2-1/2"]
[WhiteElo "2514"]
[BlackElo "2506"]
[PlyCount "72"]
[EventDate "2005.05.??"]

1. e4 c5 2. Nf3 e6 3. d4 cxd4 4. Nxd4 Nf6 5. Nc3 Nc6 6. Nxc6 bxc6 7. e5 Nd5 8.
Ne4 f5 9. exf6 Nxf6 10. Nd6+ Bxd6 11. Qxd6 Qb6 12. Bd3 Ba6 13. Be3 Qxb2 14. Bd4
Qb7 15. c4 c5 16. Bxc5 Kf7 17. Qe7+ Kg8 18. O-O Qc6 19. Rab1 Re8 20. Qd6 Qxd6
21. Bxd6 Kf7 22. Rfd1 Rc8 23. c5 Bxd3 24. Rxd3 Rc6 25. Ra3 Ra8 26. Rb7 a6 27.
h3 h5 28. Ra4 Kg6 29. Rb3 e5 30. Rb6 Kf5 31. Rxc6 dxc6 32. Rb4 Ne8 33. Bf8 Ke6
34. f4 exf4 35. Rxf4 Kd7 36. Rd4+ Ke6 1/2-1/2

[Event "FRA Team Ch"]
[Site "REIMS"]
[Date "2002.??.??"]
[Round "8.4"]
[White "Berthelot, Yannick"]
[Black "Khenkin, Igor"]
[Result "0-1"]
[WhiteElo "2263"]
[BlackElo "2587"]
[PlyCount "74"]
[EventDate "2005.05.??"]

1. e4 c6 2. d4 d5 3. Nc3 dxe4 4. Nxe4 Bf5 5. Ng3 Bg6 6. f4 e6 7. Nf3 Nd7 8. Bd3
Bd6 9. O-O Ne7 10. Bxg6 hxg6 11. Ne4 Nf6 12. Neg5 O-O 13. Qe2 Nf5 14. c3 c5 15.
Ne5 cxd4 16. Nexf7 Rxf7 17. Qxe6 Qd7 18. Qxf7+ Qxf7 19. Nxf7 Kxf7 20. cxd4 Nxd4
21. Rd1 Nc2 22. Rb1 Bc5+ 23. Kf1 Re8 24. g3 Ng4 25. Rd7+ Kf6 26. Bd2 Nxh2+ 27.
Kg2 Re2+ 28. Kh3 Ke6 29. Rd3 Nf3 30. Rxf3 Rxd2 31. Rc1 Bd4 32. Rb3 b6 33. Rh1
Kd5 34. Rh2 Rxh2+ 35. Kxh2 Kc4 36. Kh3 g5 37. Kg4 Nb4 0-1

[Event "FRA Team Ch"]
[Site "REIMS"]
[Date "2002.??.??"]
[Round "8.5"]
[White "Adrian, Claude"]
[Black "Crouan, Stephane"]
[Result "1-0"]
[WhiteElo "2328"]
[BlackElo "2307"]
[PlyCount "41"]
[EventDate "2005.05.??"]

1. Nf3 d5 2. d4 Nf6 3. c4 c6 4. Nc3 e6 5. g3 Nbd7 6. Bg2 Bd6 7. O-O dxc4 8. Bg5
O-O 9. Qc2 Qc7 10. Nd2 b5 11. Nxb5 cxb5 12. Bxa8 e5 13. dxe5 Bxe5 14. Nf3 Bd6
15. Nd4 Qb6 16. Nf5 Bc5 17. Bf4 Ng4 18. e3 Nde5 19. h3 Bxf5 20. Qxf5 Rxa8 21.
Bxe5 1-0

[Event "FRA Team Ch"]
[Site "REIMS"]
[Date "2002.??.??"]
[Round "8.6"]
[White "Gerard, Nicolas"]
[Black "Spielmann, Alain"]
[Result "1/2-1/2"]
[WhiteElo "2260"]
[BlackElo "2297"]
[PlyCount "94"]
[EventDate "2005.05.??"]

1. d4 Nf6 2. c4 g6 3. Nc3 d5 4. Nf3 Bg7 5. Bf4 c5 6. dxc5 Qa5 7. cxd5 Nxd5 8.
Qxd5 Bxc3+ 9. Bd2 Be6 10. Bxc3 Qxc3+ 11. Qd2 Qxc5 12. Rc1 Qb6 13. Nd4 Bd7 14.
e3 O-O 15. Be2 Nc6 16. Nxc6 Bxc6 17. O-O Rfd8 18. Qc3 Rd6 19. Rfd1 Rad8 20.
Rxd6 Rxd6 21. Rd1 Rxd1+ 22. Bxd1 Qb5 23. Bf3 Qf5 24. e4 Bxe4 25. Bxe4 Qxe4 26.
g3 Qb1+ 27. Kg2 Qe4+ 28. Kg1 a6 29. a3 Qd5 30. Qc8+ Kg7 31. Qc3+ e5 32. Qc1 h5
33. h4 Qd4 34. Qc2 Kf6 35. Qb3 Qe4 36. Qb6+ Kg7 37. Qb3 Qe1+ 38. Kg2 Qe4+ 39.
Kg1 Qc6 40. Qe3 Kf6 41. Qb3 Qb5 42. Qc3 Qd5 43. Qb4 Kf5 44. Qe1 Kg4 45. Kh2 e4
46. Qe2+ Kf5 47. Qc2 Qe6 1/2-1/2

[Event "FRA Team Ch"]
[Site "REIMS"]
[Date "2002.??.??"]
[Round "8.7"]
[White "Nezar, Mustapha"]
[Black "Delalande, Thierry"]
[Result "1-0"]
[WhiteElo "2352"]
[BlackElo "2182"]
[PlyCount "91"]
[EventDate "2005.05.??"]

1. e4 c5 2. Nf3 d6 3. Bb5+ Bd7 4. Bxd7+ Qxd7 5. O-O Nf6 6. Re1 Nc6 7. b3 g6 8.
Bb2 Bg7 9. d4 cxd4 10. Nxd4 O-O 11. c4 Rfd8 12. Nc3 e6 13. Rc1 d5 14. Nxc6 bxc6
15. e5 Ne8 16. Na4 Bf8 17. Qd2 Qb7 18. Qe3 Ng7 19. g4 Rac8 20. Bd4 Ra8 21. Rc2
Ne8 22. Rec1 Ba3 23. Rb1 Bf8 24. Nc5 Qb4 25. cxd5 Rxd5 26. Rc4 Qb8 27. Rbc1
Bxc5 28. Rxc5 Rxc5 29. Bxc5 Qd8 30. Qf3 Qd5 31. Qxd5 cxd5 32. Bd4 Kf8 33. Rc6
a6 34. Bc5+ Kg7 35. Kf1 g5 36. Ke2 Kg6 37. b4 h5 38. h3 hxg4 39. hxg4 Ng7 40.
Ke3 f5 41. exf6 Kxf6 42. Bd4+ Kg6 43. a3 a5 44. b5 a4 45. b6 Ne8 46. Be5 1-0

[Event "FRA Team Ch"]
[Site "REIMS"]
[Date "2002.??.??"]
[Round "8.8"]
[White "Mullon, Jean-Baptiste"]
[Black "Philippe, Christophe"]
[Result "1-0"]
[WhiteElo "2284"]
[BlackElo "2332"]
[PlyCount "115"]
[EventDate "2005.05.??"]

1. e4 c5 2. Nf3 Nc6 3. d4 cxd4 4. Nxd4 e5 5. Nb5 d6 6. c4 Be7 7. Bd3 Nf6 8. O-O
O-O 9. a4 Bg4 10. f3 Be6 11. Be3 Nh5 12. N1c3 a6 13. Na3 Bg5 14. Bf2 Qf6 15.
Nd5 Qh6 16. Nc2 Bxd5 17. exd5 Ne7 18. Re1 Nf4 19. Ne3 f5 20. c5 dxc5 21. d6 Nc6
22. Nxf5 Qe6 23. Ne3 Nxd3 24. Qxd3 Rad8 25. Rad1 Rf4 26. Qd5 Qf7 27. Ng4 Rxa4
28. Nxe5 Qxd5 29. Rxd5 Bf6 30. f4 Rxf4 31. Nd3 Rc4 32. Nxc5 b6 33. Ne6 Rb8 34.
d7 Kf7 35. Ng5+ Kg6 36. Nf3 Rb4 37. Bg3 Ra8 38. Ne5+ Nxe5 39. Bxe5 Bd8 40. Bc3
Rf4 41. Re8 b5 42. g3 Ra4 43. Kg2 Ra1 44. Rg8 Kf7 45. Rxg7+ Ke6 46. Re5+ Kd6
47. Re8 h5 48. Rh8 h4 49. Bf6 Kc7 50. Be5+ Kc6 51. Rg6+ Kxd7 52. Rd6+ Ke7 53.
Rh7+ Kf8 54. Rdd7 Ke8 55. Rb7 h3+ 56. Rxh3 Be7 57. Rh8+ Bf8 58. Bd6 1-0

[Event "FRA Team Ch"]
[Site "REIMS"]
[Date "2002.??.??"]
[Round "8.9"]
[White "Franc, Nathalie"]
[Black "Marchadour, Claire"]
[Result "1-0"]
[WhiteElo "2078"]
[BlackElo "2121"]
[PlyCount "85"]
[EventDate "2005.05.??"]

1. e4 c5 2. Nf3 Nc6 3. d4 cxd4 4. Nxd4 Nf6 5. Nc3 e5 6. Ndb5 d6 7. Bg5 a6 8.
Na3 b5 9. Nd5 Be7 10. Bxf6 Bxf6 11. c3 O-O 12. Nc2 Bg5 13. h4 Bh6 14. g4 g6 15.
g5 Bg7 16. Nce3 Be6 17. Ng4 Bxd5 18. Qxd5 Ne7 19. Qd3 b4 20. cxb4 Nc6 21. a3
Nd4 22. Bh3 f5 23. gxf6 Bxf6 24. h5 Bg5 25. hxg6 hxg6 26. Bg2 Rc8 27. Qh3 Nc2+
28. Kd1 Bh4 29. Rc1 Nd4 30. Rxc8 Qxc8 31. Nh6+ Kg7 32. Qxc8 Rxc8 33. Rxh4 Rh8
34. Rh3 Rxh6 35. Rxh6 Kxh6 36. Bf1 Ne6 37. Bxa6 Kg5 38. Bc4 Nc7 39. b5 Na8 40.
a4 Nb6 41. b3 Kf6 42. a5 Nd7 43. a6 1-0

[Event "FRA Team Ch"]
[Site "REIMS"]
[Date "2002.??.??"]
[Round "8.1"]
[White "Kallai, Gabor"]
[Black "Tirard, Hugo"]
[Result "1/2-1/2"]
[WhiteElo "2549"]
[BlackElo "2401"]
[PlyCount "34"]
[EventDate "2005.05.??"]

1. d4 Nf6 2. c4 c5 3. d5 b5 4. Nf3 Bb7 5. Qc2 bxc4 6. e4 e6 7. Bg5 Be7 8. Bxf6
Bxf6 9. Bxc4 exd5 10. exd5 Qe7+ 11. Kf1 O-O 12. Nbd2 Ba6 13. g3 Bxc4+ 14. Nxc4
d6 15. Kg2 Qc7 16. Qf5 Nd7 17. Qf4 Nb6 1/2-1/2

[Event "FRA Team Ch"]
[Site "REIMS"]
[Date "2002.??.??"]
[Round "8.2"]
[White "Marcelin, Cyril"]
[Black "Varga, Peter"]
[Result "1/2-1/2"]
[WhiteElo "2452"]
[BlackElo "2489"]
[PlyCount "63"]
[EventDate "2005.05.??"]

1. d4 d5 2. c4 c6 3. Nc3 Nf6 4. cxd5 cxd5 5. Bf4 Nc6 6. e3 Bg4 7. f3 Bd7 8. Bd3
e6 9. Bg5 Be7 10. f4 h6 11. Bh4 Ne4 12. Bxe7 Nxc3 13. Bxd8 Nxd1 14. Rxd1 Rxd8
15. Nf3 Ke7 16. Kd2 Rc8 17. Rc1 Nb4 18. Bb1 Rxc1 19. Rxc1 Rc8 20. Rg1 h5 21.
Ne5 Nc6 22. Nxc6+ Rxc6 23. g3 Rb6 24. Kc3 Rc6+ 25. Kd2 Rb6 26. b3 a5 27. Rc1
Rc6 28. Bc2 Rc8 29. Rb1 Bb5 30. Bd1 g6 31. b4 a4 32. a3 1/2-1/2

[Event "FRA Team Ch"]
[Site "REIMS"]
[Date "2002.??.??"]
[Round "8.3"]
[White "Roos, Daniel"]
[Black "Nguyen, Chi-Minh"]
[Result "0-1"]
[WhiteElo "2420"]
[BlackElo "2252"]
[PlyCount "64"]
[EventDate "2005.05.??"]

1. Nf3 f5 2. g3 Nf6 3. Bg2 g6 4. d3 Bg7 5. Bg5 Nc6 6. c4 h6 7. Bd2 e5 8. Nc3 g5
9. h4 g4 10. Nh2 d6 11. Qa4 O-O 12. O-O-O Nd4 13. e3 Bd7 14. Qa3 Nc6 15. Kb1
Kh8 16. Bc1 a6 17. c5 Re8 18. f3 dxc5 19. fxg4 b5 20. g5 b4 21. Qb3 bxc3 22.
gxf6 Qxf6 23. Qxc3 Qe7 24. Bd5 e4 25. Qa3 Rab8 26. dxe4 Nb4 27. Rhe1 Be6 28.
Rd2 Bxd5 29. exd5 Qe4+ 30. Ka1 Nc2+ 31. Rxc2 Qxc2 32. Nf1 Re4 0-1

[Event "FRA Team Ch"]
[Site "REIMS"]
[Date "2002.??.??"]
[Round "8.4"]
[White "Peyrat, Olivier"]
[Black "Maier, Christian"]
[Result "0-1"]
[WhiteElo "2308"]
[BlackElo "2354"]
[PlyCount "126"]
[EventDate "2005.05.??"]

1. Nf3 Nf6 2. c4 c5 3. g3 b6 4. Bg2 Bb7 5. O-O e6 6. b3 Be7 7. Bb2 O-O 8. e3 d5
9. Nc3 Nbd7 10. Qe2 Rc8 11. d3 Qc7 12. Rac1 Qb8 13. Ne1 Rfe8 14. f4 dxc4 15.
bxc4 Bxg2 16. Nxg2 a6 17. a4 Qb7 18. g4 Red8 19. Ba1 Nb8 20. Ne1 Nc6 21. g5 Ne8
22. Rf3 f5 23. Rh3 Bf8 24. Qf3 Qf7 25. Rd1 Nb4 26. Qf1 Rd7 27. Nf3 Bd6 28. Nb1
Rcd8 29. Be5 Nc6 30. Bc3 Bc7 31. Rd2 Qe7 32. Ne1 g6 33. Rf2 e5 34. Nd2 exf4 35.
exf4 Nd4 36. Rh4 Ng7 37. Ndf3 Re8 38. Bxd4 cxd4 39. Nc2 Qc5 40. Re2 b5 41.
Rxe8+ Nxe8 42. axb5 axb5 43. Nd2 bxc4 44. Nxc4 Ng7 45. Ne1 Ne6 46. Ng2 Re7 47.
Rh3 Qb4 48. Rf3 Qc3 49. h4 Nc5 50. Rh3 Qc2 51. h5 Re2 52. hxg6 hxg6 53. Qf3
Qc1+ 54. Qf1 Bxf4 55. Nxf4 Re1 56. Rf3 Nxd3 57. Nxd3 Rxf1+ 58. Rxf1 Qxc4 59.
Rf3 Qc2 60. Rg3 Qe2 61. Nf2 f4 62. Rg4 Qe3 63. Kg2 d3 0-1

[Event "FRA Team Ch"]
[Site "REIMS"]
[Date "2002.??.??"]
[Round "8.5"]
[White "Mensch, Etienne"]
[Black "Daurelle, Herve"]
[Result "1-0"]
[WhiteElo "2383"]
[BlackElo "2187"]
[PlyCount "155"]
[EventDate "2005.05.??"]

1. d4 d5 2. Bg5 h6 3. Bh4 c6 4. e3 Qb6 5. b3 Bf5 6. Nf3 e6 7. Bd3 Bxd3 8. Qxd3
Ne7 9. O-O Nf5 10. Bg3 Nxg3 11. hxg3 Nd7 12. c4 Be7 13. Nc3 O-O 14. Rfd1 f5 15.
Rab1 Rf7 16. b4 a6 17. a4 Raf8 18. b5 axb5 19. axb5 Qd8 20. bxc6 bxc6 21. cxd5
cxd5 22. Qa6 Re8 23. Ne2 Bf6 24. Nf4 Nf8 25. Rb6 Rfe7 26. Rdb1 g5 27. Rd6 Rd7
28. Rxd7 Qxd7 29. Nd3 Qc8 30. Qb5 Re7 31. Nfe5 Rc7 32. Qb6 Bxe5 33. dxe5 Rc3
34. Qd6 Rc6 35. Rb8 Rxd6 36. Rxc8 Rd7 37. Nc5 Re7 38. Rd8 Kf7 39. f4 g4 40. Ra8
h5 41. Kf2 Ng6 42. Ra6 Nf8 43. Nb3 Rb7 44. Nd4 Rb2+ 45. Kg1 Rb1+ 46. Kh2 Rb7
47. Rc6 Ke7 48. Rc8 Kf7 49. Ra8 Kg7 50. Ra5 Kf7 51. Nb5 Ke7 52. Nd6 Rd7 53. Ra6
Ng6 54. Nxf5+ Kf7 55. Nd4 Re7 56. Rd6 Nf8 57. Kg1 Ra7 58. Rb6 Ra1+ 59. Kh2 Ra3
60. Rb7+ Kg6 61. Re7 Rxe3 62. Nxe6 Nxe6 63. Rxe6+ Kf5 64. Rd6 h4 65. Rf6+ Ke4
66. gxh4 d4 67. Rd6 d3 68. e6 Kxf4 69. e7 Rxe7 70. Rxd3 Ra7 71. Rd6 Ra3 72.
Rf6+ Ke5 73. Rf1 Rc3 74. h5 Rb3 75. Rf8 Ra3 76. Rf7 Rb3 77. h6 Rb6 78. h7 1-0

[Event "FRA Team Ch"]
[Site "REIMS"]
[Date "2002.??.??"]
[Round "8.6"]
[White "Carton, Camille"]
[Black "Roos, Louis"]
[Result "1/2-1/2"]
[WhiteElo "2207"]
[BlackElo "2342"]
[PlyCount "91"]
[EventDate "2005.05.??"]

1. e4 e6 2. d4 d5 3. Nc3 Bb4 4. exd5 exd5 5. Bd3 Nf6 6. Bg5 O-O 7. Nge2 c6 8.
O-O Re8 9. Ng3 h6 10. Bf4 Nbd7 11. Nce2 Nf8 12. Nf5 Ng6 13. Be3 Ne4 14. Neg3
Nxg3 15. hxg3 Qf6 16. Qh5 Bxf5 17. Bxf5 Re7 18. Bd3 Bd6 19. Rae1 Rae8 20. c3
Nf8 21. Qg4 g6 22. Rd1 h5 23. Qg5 Qg7 24. Qh4 Ne6 25. Rfe1 f6 26. Bd2 Qf7 27.
g4 hxg4 28. Qxg4 f5 29. Qh4 Qh7 30. Qxh7+ Rxh7 31. g3 Kf7 32. Kg2 Reh8 33. Rh1
Rxh1 34. Rxh1 Rxh1 35. Kxh1 Kf6 36. Kg2 g5 37. f3 f4 38. g4 c5 39. dxc5 Bxc5
40. Kf1 Ke5 41. Ke2 Bg1 42. Bf5 Nc5 43. b3 b6 44. Bc1 a5 45. Ba3 Be3 46. Bxc5
1/2-1/2